Estatísticas para Cultura Geral

Clique aqui para jogar o quiz

Estatísticas Gerais

  • Esse quiz foi jogado 8 vezes
  • A pontuação média é 7 de 15

Estatísticas das Respostas

HintResposta% Correto
Que nome damos ao processo pelo qual uma população escolhe indivíduos para cargos públicos?Eleição
75%
Em que país podemos encontrar Monte Saint-Michel?França
75%
Que nome damos á atividade sexual entre membros de uma família ou entre parentes que possui uma relação de sangue?Incesto
75%
Que nome damos á extração de minerais valiosos ou outros materiais geológicos da terra?Mineração
75%
Que nome damos á forma de pagamento constante pelo trabalho de alguém?Salário
75%
Que nome damos ao espaço de trabalho de um artista ou fotógrafo?Estúdio
63%
Que nome damos ao ambiente ocupado por uma espécie biológica específica?Habitat
50%
Que braço do Oceano Atlântico separa o sul da Inglaterra do norte da França?Canal da Mancha
38%
Em que país podemos encontrar o Rio Amarelo?China
38%
Que nome damos á peça utilizada para fixar um objeto em outro com maior segurança?Parafuso
38%
Que nome damos a um tipo de vidraça composta por pedaços de vidro coloridos ou pinturas sobre o vidro que, geralmente, representam cenas ou personagens?Vitral
38%
Que nome damos ao conjunto de representantes de uma comunidade que possuem poderes de legislação?Assembleia
25%
Que nome damos ao político que ocupa um cargo público significativo num governo nacional ou regional?Ministro
25%
Que nome damos a uma organização resultante da reunião legal entre duas ou até mais pessoas, com ou sem personalidade jurídica, para a realização de um objetivo comum?Associação
13%
Que nome damos ao uso de força física, ameaça ou coerção para abusar, intimidar ou dominar agressivamente outras pessoas de forma frequente e habitual?Bullying
0%

Distribuição das Pontuações

Percentil de Números Respondidos

Porcentagem de Pessoas com Cada Pontuação

Sua Pontuação Histórica

Você não jogou esse quiz